| 000 | 01633nam a2200313 a 4500 | ||
|---|---|---|---|
| 001 | 000047214 | ||
| 005 | 20201002053443.0 | ||
| 008 | 091118s2012 dr abc 000 0 spa d | ||
| 020 | _a9789945116441 (v. 2) | ||
| 020 | _a9789945117288 (v. 1) | ||
| 040 |
_aDO-SdBNP _bspa _cBNPHU |
||
| 082 |
_axxxx _bxxxx |
||
| 100 | 1 |
_aAlmonte Ysiano, Ana Iris _931190 |
|
| 245 | 1 | 0 |
_aSociedad 7 : _beducación básica / _cAna Iris Almonte Ysiano ... [et al] ; dirección editorial Obdulia García de Escobar; ilustración José Amado Polanco. |
| 260 |
_aSanto Domingo : _bSantillana, _c2012. |
||
| 300 |
_av. : _bil., maps., retrs. ; _c28 cm. |
||
| 490 | 1 | _aInnova | |
| 500 | _aEducación básica | ||
| 505 | 0 |
_gv. 5 : _gunidad 1 -- _tGeografía de América -- _gunidad 2 -- _tAsia y África -- _gunidad 3 -- _tEuropa y Oceanía -- _gunidad 4 -- _tCivilizaciones antiguas -- _gunidad 5 -- _tEl descubrimiento -- _gunidad 6 -- _tLa llegada de Colón -- _gunidad 7 -- _tColonización en Ámerica -- _gunidad 8 -- _tEconomía y esclavitud -- _gunidad 9 -- _tLas devastaciones -- _gunidad 10 -- _tLas dos colonias / _rHenry Ramos Santos _rFrancisca Alcántara -- _rAna Iris Almonte Ysiano _gv. 2 : _tGuía recusos didácticos para el profesorado. |
|
| 590 | _aInventariado, 2019/VM | ||
| 700 | 1 |
_aMorel Bross, Beatrice _931191 |
|
| 700 | 1 |
_aCastro Ricart, Eric -- _923170 |
|
| 700 | 1 |
_aRamos Santos, Henry _931174 |
|
| 700 | 1 |
_aCapellán Almonte, Fanny _eed. _929766 |
|
| 700 | 1 |
_aAlmonte Ysiano, Ana Iris _931190 |
|
| 700 | 1 |
_aPolanco, José Amado _eil. _923172 |
|
| 700 | 1 |
_aGarca Escobar, Obdulia, _edir. ed. _929770 |
|
| 830 | 0 |
_aInnova(República Dominicana) _974948 |
|
| 999 |
_c46702 _d46702 |
||